| 000 | 00863nam a2200241 a 4500 | ||
|---|---|---|---|
| 005 | 20210223125621.0 | ||
| 008 | 050408s1992 es r 000 0 spa d | ||
| 020 | _a8487682057 | ||
| 035 | _aUPN01000138041 | ||
| 049 | _aCG | ||
| 050 | 4 |
_aRG133.5 _bB5.6 |
|
| 100 | 1 | _aBirke, Lynda | |
| 245 | 1 | 3 |
_aEl niño del mañana : _btecnologías reproductoras en los años 90 / _cLynda Birke, Susan Himmelweit, Gail Vines ; tr. Joseph M. Apfelbäume. |
| 260 |
_aBarcelona, Esp. : _bPomares-Corredor, _c1992. |
||
| 300 | _a316 p. | ||
| 440 | 0 | _aCiencia y tecnología | |
| 534 |
_pTítulo original : _tTomorrow's child |
||
| 650 | 4 |
_aTECNOLOGIA REPRODUCTIVA HUMANA - _xASPECTOS MORALES Y ETICOS _9987 |
|
| 650 | 4 |
_aTECNOLOGIA REPRODUCTIVA HUMANA - _xASPECTOS POLITICOS _9988 |
|
| 700 | 1 |
_aHimmelweit, Susan, _ecoaut. |
|
| 700 | 1 |
_aVines, Gail, _ecoaut. |
|
| 905 | _aLibro | ||
| 999 |
_c110192 _d110192 |
||